Our Envirinment (Record no. 5103)
[ view plain ]
| 000 -LEADER | |
|---|---|
| fixed length control field | 00212nam a22000857a 4500 |
| 008 - FIXED-LENGTH DATA ELEMENTS--GENERAL INFORMATION | |
| fixed length control field | 161228b xxu||||| |||| 00| 0 eng d |
| 100 ## - MAIN ENTRY--PERSONAL NAME | |
| 9 (RLIN) | 2215 |
| Personal name | Gulati.A etal |
| 245 ## - TITLE STATEMENT | |
| Title | Our Envirinment |
| 260 ## - PUBLICATION, DISTRIBUTION, ETC. (IMPRINT) | |
| Place of publication, distribution, etc. | New Delhi |
| Name of publisher, distributor, etc. | P.B |
| Date of publication, distribution, etc. | 2002 |
| Withdrawn status | Lost status | Source of classification or shelving scheme | Damaged status | Koha normalized classification for sorting | Not for loan | Home library | Current library | Shelving location | Date acquired | Total Checkouts | Full call number | Barcode | Date last seen | Date last checked out | Price effective from | Koha item type |
|---|---|---|---|---|---|---|---|---|---|---|---|---|---|---|---|---|
| Dewey Decimal Classification | 363_700000000000000 | Good Samaritan School Library | Good Samaritan School Library | ENVIRONMENT SCIENCE | 12/28/2016 | 1 | 363.7 | GUL10410 | 07/28/2025 | 07/19/2025 | 12/28/2016 | BOOK |